| 000 | 00973nam a22002535a 4500 | ||
|---|---|---|---|
| 003 | OSt | ||
| 005 | 20180324100157.0 | ||
| 008 | 180324q1994 ua c gre f000 0 ara d | ||
| 017 | _a94 / 7056 | ||
| 020 | _a9772340453 | ||
| 040 |
_aEG-ScBUE _bara _cEG-ScBUE |
||
| 043 | _af-ua--- | ||
| 082 | 0 | 4 |
_a398.0962 _bف ن ن _222 |
| 110 | 1 |
_aمصر. _bوزارة الإعلام. _bالهيئة العامة للاستعلامات. |
|
| 245 | 1 | 2 |
_aالفنون الشعبية المصرية / _cالهيئة العامة للاستعلامات، وزارة الإعلام. |
| 260 |
_aالقاهرة : _bوزارة الإعلام، الهيئة العامة للاستعلامات، _c[1994] |
||
| 300 |
_a450 ص. : _bصور ؛ _c28 سم. |
||
| 541 |
_aالسفير علي الحفني ؛ _cإهداء ؛ |
||
| 650 | 7 |
_aالفولكلور _zمصر. _2BUEsh |
|
| 650 | 7 |
_aالفن الشعبي _zمصر. _2BUEsh |
|
| 651 | _2BUEsh | ||
| 653 |
_bGGEN _cMarch2018 |
||
| 942 | _2ddc | ||
| 999 |
_c26387 _d26359 |
||